Statistiques concernant Pays européens avec des sites de fossiles de dinosaures

Cliquez ici pour prendre le quiz!

Statistiques générales

  • Ce quiz a été pris 110 fois
  • Le résultat moyen est 14 sur 17

Statistiques - réponses

Pays% Correct
France
99%
Italie
97%
Espagne
96%
Allemagne
95%
Belgique
92%
Portugal
91%
Royaume-Uni
90%
Russie
88%
Pays-Bas
85%
Suisse
85%
Roumanie
81%
Autriche
80%
Ukraine
76%
Hongrie
72%
Bulgarie
70%
Danemark
67%
Republiqué Tchèque
59%

Distribution des résultats

Percentile par nombre de réponses

% des personnes avec chaque résultat

Votre développement - résultats

Vous n’avez pas pris ce quiz